Welcoming and path navigator robot / (Record no. 615829)

000 -LEADER
fixed length control field 00760nam a22001697a 4500
003 - CONTROL NUMBER IDENTIFIER
control field NUST
082 ## - DEWEY DECIMAL CLASSIFICATION NUMBER
Classification number 621.382,NAZ
100 ## - MAIN ENTRY--PERSONAL NAME
Personal name Nazir, Zeeshan
9 (RLIN) 132782
245 ## - TITLE STATEMENT
Title Welcoming and path navigator robot /
Statement of responsibility, etc. Zeeshan Nazir, Muhammad Sadiq, Sardar Ahsan Ilyas and Moeen ud din (TE-50)
260 ## - PUBLICATION, DISTRIBUTION, ETC.
Place of publication, distribution, etc. Rawalpindi
Name of publisher, distributor, etc. MCs (NUST)
Date of publication, distribution, etc. June, 2017
300 ## - PHYSICAL DESCRIPTION
Extent 100 p.;
505 ## - FORMATTED CONTENTS NOTE
Formatted contents note Introduction & Literature Survey (Page-9), Electronic Hardware Design (Page-14), Software Details (Page-37), Integration of software and hardware (Page-50), Testing and Results of Project (Page-53), Conclusion and Future Recommendation (Page-54).
650 ## - SUBJECT ADDED ENTRY--TOPICAL TERM
Topical term or geographic name entry element UG Project
9 (RLIN) 131132
651 ## - SUBJECT ADDED ENTRY--GEOGRAPHIC NAME
Geographic name TE-50
9 (RLIN) 132778
700 ## - ADDED ENTRY--PERSONAL NAME
Personal name Supervised by Dr. Adil Masood Siddiqui
9 (RLIN) 132783
942 ## - ADDED ENTRY ELEMENTS (KOHA)
Source of classification or shelving scheme
Koha item type Project Report
Holdings
Withdrawn status Lost status Source of classification or shelving scheme Damaged status Not for loan Permanent Location Current Location Shelving location Date acquired Total Checkouts Full call number Barcode Date last seen Price effective from Koha item type Public note
          Military College of Signals (MCS) Military College of Signals (MCS) Reference 01/16/2026   621.382,NAZ MCSPTE-265 01/16/2026 01/16/2026 Project Report Almirah No.90, Shelf No.4
© 2023 Central Library, National University of Sciences and Technology. All Rights Reserved.